[Event "Open"]
[Site "Liberec CZE"]
[Date "2007.11.14"]
[Round "5"]
[White "Agafonov,Y"]
[Black "Matcins,A"]
[Result "1-0"]
[WhiteElo "2173"]
[BlackElo "2074"]

1.d4 Nf6 2.c4 e6 3.Nc3 Bb4 4.Qc2 O-O 5.e3 Re8 6.Bd3 d5 7.a3 Bf8 8.Nf3 Nbd7
9.cxd5 exd5 10.g4 c5 11.g5 cxd4 12.gxf6 Qxf6 13.Nxd4 Qxd4 14.Nb5 Qe5 15.Nc7 Nc5
16.Nxe8 Nxd3+ 17.Qxd3 Bf5 18.Qd4 Qxd4 19.exd4 Rxe8+ 20.Be3 Bd6 21.Kd2 Be4
22.Rhc1 Bf3 23.Re1 Bxh2 24.Bg5 Re4 25.Rxe4 Bxe4 26.Ke3 Bd6 27.Rc1 h5 28.Rc8+ Kh7
29.Rd8 Bh2 30.Rd7 f5 31.Rxb7 Kg6 32.Bf4 Bxf4+ 33.Kxf4 h4 34.Rxa7 Kh6 35.Ra6+ Kh5
36.f3 g5+ 37.Ke3 g4 38.fxe4 dxe4 39.Ra5 Kg5 40.Ra8 h3 41.Rg8+ Kh6 42.Kf4 Kh7
43.Rc8 e3 44.Rc2 Kg6 45.a4 Kh5 46.a5 Kh4 47.a6 g3 48.a7 g2 49.a8=Q  1-0

[Event "WYb16"]
[Site "Kemer TUR"]
[Date "2007.11.18"]
[Round "1"]
[White "Duport,N SUI"]
[Black "Adhiban,B"]
[Result "0-1"]
[WhiteElo "2075"]
[BlackElo "2422"]

1.d4 Nf6 2.c4 e6 3.Nc3 Bb4 4.Qc2 O-O 5.a3 Bxc3+ 6.Qxc3 b6 7.Bg5 Bb7 8.e3 d6
9.Ne2 Nbd7 10.Qd3 Ba6 11.Nc3 d5 12.Qc2 dxc4 13.Qa4 Bb7 14.Bxc4 a6 15.Qc2 c5
16.O-O cxd4 17.exd4 h6 18.Bh4 Qc7 19.Ba2 Qf4 20.Bg3 Qxd4 21.Rad1 Qc5 22.Bd6 Qc6
23.f4 Ng4 24.Bb1 Ndf6 25.Rfe1 Rfd8 26.h3 Rxd6 27.hxg4 Qc5+ 28.Kh1 Nxg4 29.Rxd6 Qh5+
30.Kg1 Qh2+  0-1

[Event "WYb16"]
[Site "Kemer TUR"]
[Date "2007.11.20"]
[Round "3"]
[White "Duport,N SUI"]
[Black "Ashwath,R"]
[Result "0-1"]
[WhiteElo "2075"]
[BlackElo "2374"]

1.d4 Nf6 2.c4 e6 3.Nc3 Bb4 4.Qc2 O-O 5.a3 Bxc3+ 6.Qxc3 d6 7.g3 Re8 8.Nf3 Nc6
9.Bg2 e5 10.d5 Ne7 11.O-O Ne4 12.Qc2 f5 13.Nd2 Nf6 14.b3 Ng6 15.Bb2 f4 16.e3  0-1

[Event "WYb14"]
[Site "Kemer TUR"]
[Date "2007.11.21"]
[Round "4"]
[White "Aghasaryan,R"]
[Black "Nikolashvili,G"]
[Result "1-0"]
[WhiteElo "2201"]
[BlackElo "2112"]

1.d4 Nf6 2.c4 e6 3.Nc3 Bb4 4.Qc2 O-O 5.a3 Bxc3+ 6.Qxc3 b6 7.e3 Bb7 8.Nf3 d6
9.Be2 Nbd7 10.O-O c5 11.b4 Qc7 12.Bb2 Rac8 13.Rfd1 Rfd8 14.Rac1 h6 15.h3 Qb8
16.Qb3 Ne4 17.d5 exd5 18.cxd5 Qa8 19.Nh4 g6 20.Bg4 c4 21.Rxc4 Bxd5 22.Rxc8 Bxb3
23.Rxa8 Rxa8 24.Rc1 Ndf6 25.Be2 Be6 26.Ba6 g5 27.Nf3 Rd8 28.Nd4 Nd5 29.Bb7 Rb8
30.Ba6 Rd8 31.f3 Ng3 32.Kf2 Nh5 33.g3 Ng7 34.e4 Ne7 35.Rc7 Ng6 36.Rxa7 Bxh3
37.Rb7 d5 38.exd5 Rxd5 39.Rxb6 Ne5 40.Rxh6 g4 41.f4 Ng6  1-0

[Event "WYb18"]
[Site "Kemer TUR"]
[Date "2007.11.21"]
[Round "4"]
[White "Idrisov,T"]
[Black "Agafii,V"]
[Result "1-0"]
[WhiteElo "2191"]
[BlackElo "2303"]

1.d4 e6 2.c4 Nf6 3.Nc3 Bb4 4.Qc2 O-O 5.a3 Bxc3+ 6.Qxc3 Ne4 7.Qc2 f5 8.Nf3 b6
9.e3 Bb7 10.Be2 d6 11.b4 c5 12.Bb2 Nd7 13.O-O Rc8 14.Rfd1 Qe7 15.Rab1 Nef6
16.bxc5 bxc5 17.h3 Bc6 18.d5 Ba8 19.Ne1 h6 20.Bc1 Rb8 21.Rb3 exd5 22.cxd5 Nxd5
23.Bc4 Rxb3 24.Qxb3 Nf6 25.Rxd5 Nxd5 26.Bxd5+ Bxd5 27.Qxd5+ Kh7 28.Bb2 Rf7
29.Bc3 Qd7 30.Nd3 Re7 31.Nf4 Rf7 32.h4 Re7 33.h5 Re8 34.Ng6 Rd8 35.Kh2 Re8
36.a4 Rd8 37.a5 Re8 38.a6 Rd8 39.g3 Re8 40.Nf4 Re7 41.Ng6 Re8 42.Nh4 Rf8
43.Kg1 Re8 44.Nxf5 Qe6 45.Qb7  1-0

[Event "WYg18"]
[Site "Kemer TUR"]
[Date "2007.11.21"]
[Round "4"]
[White "Kruljac,P"]
[Black "Zalimaite,I"]
[Result "1/2-1/2"]
[WhiteElo "2057"]
[BlackElo "1883"]

1.d4 e6 2.c4 Nf6 3.Nc3 Bb4 4.Qc2 O-O 5.a3 Bxc3+ 6.Qxc3 d6 7.Bg5 Nbd7 8.e3 b6
9.f3 Bb7 10.Bd3 Qe7 11.Ne2 e5 12.d5 a5 13.Ng3 Rfe8 14.Nf5 Qf8 15.Qc2 h6 16.Bh4 g6
17.Bxf6 Nxf6 18.Ng3  1/2-1/2

[Event "20th Belgrade Trophy"]
[Site "Belgrade SRB"]
[Date "2007.11.22"]
[Round "1"]
[White "Maksimovic,Ma"]
[Black "Savic,Miod1"]
[Result "0-1"]
[WhiteElo "2116"]
[BlackElo "2539"]

1.d4 Nf6 2.c4 e6 3.Nc3 Bb4 4.Qc2 O-O 5.a3 Bxc3+ 6.Qxc3 Ne4 7.Qc2 f5 8.Nh3 d6
9.e3 e5 10.Bd3 exd4 11.exd4 Nc6 12.d5 Ne5 13.O-O Nxd3 14.Qxd3 Qf6 15.Qc2 Bd7
16.f3 Nc5 17.Be3 Ba4 18.Qc3 Qxc3 19.bxc3 Nb3 20.Rae1 Rfe8 21.Nf4 Bd7 22.Nd3 b6
23.Kf2 Na5 24.Nb2 Kf7 25.Bd4 Rxe1 26.Rxe1 Rg8 27.Ke2 g5 28.g3 h5 29.Kd3 f4
30.Rg1 Bf5+ 31.Kd2 Nb3+ 32.Kd1 fxg3 33.Rxg3 g4 34.fxg4 hxg4 35.Rg2 Rg5 36.Ke2 Rh5
37.Rf2 Kg6 38.Ke3 Rh3+ 39.Ke2 Nxd4+ 40.cxd4 Rxa3 41.Kd2 Rb3 42.Kc1 a5 43.Re2 Kf6
44.Re8 Rc3+ 45.Kd1 Rh3 46.Na4  0-1

[Event "20th Belgrade Trophy"]
[Site "Belgrade SRB"]
[Date "2007.11.27"]
[Round "6"]
[White "Jevtic,Mir"]
[Black "Nestorovic,De"]
[Result "0-1"]
[WhiteElo "2148"]
[BlackElo "2403"]

1.d4 Nf6 2.c4 e6 3.Nc3 Bb4 4.Qc2 O-O 5.a3 Bxc3+ 6.bxc3 d6 7.Bg5 e5 8.Nf3 Re8
9.e3 h6 10.Bh4 Nbd7 11.Nd2 Qe7 12.Be2 c5 13.Bxf6 Qxf6 14.d5 e4 15.Bg4 Qg6
16.Bxd7 Bxd7 17.Rg1 b5 18.cxb5 Bxb5 19.c4 Bd7 20.Rb1 Rab8 21.Rxb8 Rxb8 22.f3 Qg5
23.Kf2 Qh4+ 24.g3 Qxh2+ 25.Rg2 Qh1 26.Rg1 Qh3 27.Nxe4 Bf5 28.Rg2 Bxe4 29.fxe4 Re8
30.g4 Qh4+ 31.Ke2 Qh3 32.Kf2 Re5 33.Qb1 Qh4+ 34.Kf3 Qf6+ 35.Ke2 Qe7 36.Kf3 Rg5
37.Rh2 Qf6+ 38.Ke2 Rxg4 39.Qb8+ Kh7 40.Qb7 Qg6 41.Rf2 Rxe4 42.Qxf7 Rxc4 43.Qxg6+ Kxg6
44.Rf8 Ra4 45.Rd8 Ra6 46.Kf3 Kf6 47.Ke4 Ra4+ 48.Kf3  0-1

[Event "WYb14"]
[Site "Kemer TUR"]
[Date "2007.11.28"]
[Round "11"]
[White "Ashiku,F"]
[Black "Kim Yongtae"]
[Result "1-0"]
[WhiteElo "2012"]
[BlackElo "1793"]

1.d4 Nf6 2.c4 e6 3.Nc3 Bb4 4.Qc2 O-O 5.Nf3 b6 6.e4 Bxc3+ 7.bxc3 Bb7 8.Bd3 d5
9.cxd5 exd5 10.e5 Ne4 11.O-O f5 12.exf6 Qxf6 13.Bxe4 dxe4 14.Ng5 Qg6 15.Be3 Kh8
16.c4 h6 17.Nh3 Nd7 18.Nf4 Qf5 19.Ne2 Nf6 20.h3 Rae8 21.d5 Bc8 22.Rae1 h5
23.Kh1 g5 24.Ng3 Qg6 25.Bd4 h4 26.Nxe4 Bf5 27.f3 Kh7 28.Bxf6 Bxe4 29.Rxe4 Rxe4
30.fxe4 Kg8 31.Qf2  1-0

[Event "20th Belgrade Trophy"]
[Site "Belgrade SRB"]
[Date "2007.11.30"]
[Round "9"]
[White "Dabovic,V"]
[Black "Machin Arbelo,P"]
[Result "1-0"]
[WhiteElo "1936"]
[BlackElo "2113"]

1.d4 Nf6 2.c4 e6 3.Nc3 Bb4 4.Qc2 O-O 5.e4 d5 6.e5 Nfd7 7.a3 Bxc3+ 8.bxc3 c5
9.Nf3 h6 10.a4 Nc6 11.Ba3 Qa5 12.Bd3 Re8 13.O-O dxc4 14.Bxc4 a6 15.Ba2 b5
16.Bb1 g6 17.axb5 Qxb5 18.Nh4 Ne7 19.Bc1 Kg7 20.Qd2 Rh8 21.Be4 Rb8 22.Ba3 Nf5
23.Nf3 Qb6 24.g4 Ne7 25.Qf4 g5 26.Qe3 Nd5 27.Bxd5 exd5 28.dxc5 Qe6 29.h3 f6
30.Rae1 fxe5 31.c6 Qxc6 32.Nxe5 Qc7 33.Qd4 Nf6 34.Qd3 Ne4 35.Qxd5 Bb7 36.Qe6 Rh7
37.Rd1 Rd8 38.Be7 Rxd1 39.Rxd1 Nc5 40.Qf7+ Kh8 41.Qf8+  1-0

[Event "FSIM December"]
[Site "Budapest HUN"]
[Date "2007.12.02"]
[Round "2"]
[White "Szabo,Ben"]
[Black "Lenz,A"]
[Result "1-0"]
[WhiteElo "2160"]
[BlackElo "2227"]

1.d4 Nf6 2.c4 e6 3.Nc3 Bb4 4.Qc2 O-O 5.a3 Bxc3+ 6.Qxc3 b5 7.cxb5 c6 8.Bg5 h6
9.Bh4 cxb5 10.Nf3 Bb7 11.e3 a6 12.Be2 Nc6 13.O-O g5 14.Bg3 Ne4 15.Qc2 Nxg3
16.hxg3 Rc8 17.Qd3 f5 18.Nd2 Qf6 19.Rac1 Ne7 20.Bf3 Nc6 21.g4 fxg4 22.Bxg4 Ne7
23.Rxc8 Rxc8 24.Bf3 Bxf3 25.Nxf3 Kg7 26.Qd2 Nc6 27.Rc1 Rf8 28.Rc5 Qe7 29.b4 Nd8
30.Qb2 d6 31.Rc8 g4 32.Qc2 Nf7 33.Rxf8 Kxf8 34.Nd2 Qd7 35.Ne4 Kg7 36.Ng3 Kf8
37.Nh5 Ng5 38.Nf6 Qb7 39.Qg6 Nf7 40.Nxg4 h5 41.Nh6  1-0

[Event "FSIM December"]
[Site "Budapest HUN"]
[Date "2007.12.05"]
[Round "5"]
[White "Werner,Di"]
[Black "Lengyel,B"]
[Result "1/2-1/2"]
[WhiteElo "2346"]
[BlackElo "2263"]

1.d4 Nf6 2.c4 e6 3.Nc3 Bb4 4.Qc2 O-O 5.a3 Bxc3+ 6.Qxc3 b6 7.Bg5 Bb7 8.f3 h6
9.Bh4 d6 10.e3 Nbd7 11.Bd3 Re8 12.Ne2 c5 13.O-O Rc8 14.Qd2 e5 15.d5 e4 16.Bc2 exf3
17.gxf3 Qe7 18.e4  1/2-1/2

[Event "Parsvnath ch-Commonwealth"]
[Site "New Delhi IND"]
[Date "2007.12.05"]
[Round "4"]
[White "Harika,D"]
[Black "Ramaswamy,A"]
[Result "1/2-1/2"]
[WhiteElo "2480"]
[BlackElo "2317"]

1.d4 Nf6 2.c4 e6 3.Nc3 Bb4 4.Qc2 O-O 5.a3 Bxc3+ 6.Qxc3 d6 7.Nf3 c5 8.e3 Nbd7
9.Be2 Ne4 10.Qc2 f5 11.b4 b6 12.Bb2 Bb7 13.O-O Rc8 14.Qb3 Qe7 15.Rad1 Ndf6
16.Ne1 Ng4 17.dxc5  1/2-1/2

[Event "Parsvnath ch-Commonwealth"]
[Site "New Delhi IND"]
[Date "2007.12.06"]
[Round "6"]
[White "Karthikeyan,P"]
[Black "Stany,G"]
[Result "1/2-1/2"]
[WhiteElo "2340"]
[BlackElo "2097"]

1.d4 Nf6 2.c4 e6 3.Nc3 Bb4 4.Qc2 O-O 5.a3 Bxc3+ 6.Qxc3 b6 7.Bg5 c5 8.e3 d6
9.f3 Nbd7 10.Ne2 Ba6 11.b4 Qc7 12.b5 Bb7 13.Rc1 a6 14.Qb2 Rac8 15.Nc3 Qb8
16.Be2 axb5 17.Nxb5 Bc6 18.O-O Bxb5 19.cxb5 Qa7 20.dxc5 dxc5 21.Ra1 c4 22.Rfc1 Qa4
23.e4 Rc5 24.Bd2 Ne5 25.Bb4 Rxb5 26.Bxc4 Nxc4 27.Rxc4 h6 28.Rac1 Qa6 29.Qc2 Nd7
30.Rc8 Rxc8 31.Qxc8+ Qxc8 32.Rxc8+ Kh7 33.Kf2 Nc5 34.Ke3 Na6 35.Bd6 Rb3+
36.Kf4 Nc5 37.Ra8 Nd3+  1/2-1/2

[Event "Parsvnath ch-Commonwealth"]
[Site "New Delhi IND"]
[Date "2007.12.08"]
[Round "8"]
[White "Bitan,B"]
[Black "Prasad,De"]
[Result "1/2-1/2"]
[WhiteElo "2149"]
[BlackElo "2409"]

1.d4 Nf6 2.c4 e6 3.Nc3 Bb4 4.Qc2 O-O 5.a3 Bxc3+ 6.Qxc3 d6 7.Bg5 Nbd7 8.e3 b6
9.Ne2 Bb7 10.Qd3 c5 11.Nc3 h6 12.Bh4 Qe7 13.Rd1 Rfd8 14.d5 Ne5 15.Qc2 Ng6
16.Bg3 exd5 17.cxd5 Nh5 18.Be2 Nxg3 19.hxg3 Bc8 20.O-O a6 21.a4 Re8 22.Rb1 Qc7
23.b4 Bd7 24.bxc5 bxc5 25.Rb2 a5 26.Bb5 Reb8 27.Rfb1 Bxb5 28.axb5 Rb7 29.b6 Qe7
30.Rb5 Qe5 31.Rd1 Ne7 32.Na4 Nxd5 33.Qd3 Nb4 34.Qxd6 Qe8 35.Nxc5 Qxb5 36.Nxb7 Ra6
37.Qe7 Rxb6 38.Nd6 Qh5 39.Rc1 Rb8 40.Nc8 Kh7 41.Nd6  1/2-1/2

[Event "Parsvnath ch-Commonwealth"]
[Site "New Delhi IND"]
[Date "2007.12.09"]
[Round "9"]
[White "Navalgund,N"]
[Black "Abhay,T"]
[Result "1/2-1/2"]
[WhiteElo "2012"]
[BlackElo "2237"]

1.d4 Nf6 2.c4 e6 3.Nc3 Bb4 4.Qc2 O-O 5.a3 Bxc3+ 6.Qxc3 b6 7.Nf3 Ne4 8.Qc2 Bb7
9.g3 f5 10.Bg2 d6 11.O-O Qc8 12.b3 Nd7 13.Bb2 Ndf6 14.e3 Ng4 15.h3 Ngf6 16.Rfd1 Qe8
17.Qe2 Qh5 18.Re1 Rab8 19.Nh2 Qh6 20.Nf1 d5 21.Rac1 Ba6 22.Qc2 c6 23.cxd5 cxd5
24.Qc6 Rfe8 25.Nh2 g5  1/2-1/2

[Event "Parsvnath ch-Commonwealth"]
[Site "New Delhi IND"]
[Date "2007.12.10"]
[Round "10"]
[White "Padsalgikar,B"]
[Black "Anusha,N"]
[Result "0-1"]
[WhiteElo "1876"]
[BlackElo "1843"]

1.d4 Nf6 2.c4 e6 3.Nc3 Bb4 4.Qc2 O-O 5.Bg5 d5 6.e3 h6 7.Bxf6 Qxf6 8.Nf3 c5
9.a3 Bxc3+ 10.bxc3 b6 11.Be2 Nd7 12.cxd5 exd5 13.O-O Bb7 14.Bb5 Bc6 15.Qa4 Bxb5
16.Qxb5 Rad8 17.a4 Rfe8 18.a5 Re4 19.axb6 axb6 20.Ra7 Qd6 21.Rfa1 Re6 22.Rb7 Nf8
23.Raa7 Rf6 24.Ne5 Qe6 25.Rxf7 Rxf7 26.Rxf7 Ng6 27.Rd7 Ra8 28.f4 Ra1+ 29.Kf2 Ra2+
30.Kg3 Nxe5 31.dxe5 Qg6+ 32.Kh4 Rxg2 33.Rxg7+  0-1

[Event "7th Amplico AIG Life"]
[Site "Warsaw POL"]
[Date "2007.12.15"]
[Round "5"]
[White "Sumets,A"]
[Black "Szymanska,M"]
[Result "1-0"]
[WhiteElo "2529"]
[BlackElo "2220"]

1.d4 e6 2.c4 Nf6 3.Nc3 Bb4 4.Qc2 O-O 5.Nf3 b6 6.e4 d6 7.Bd3 e5 8.O-O Nc6
9.Nd5 exd4 10.a3 Bc5 11.b4 Nxd5 12.exd5 Bxb4 13.axb4 Nxb4 14.Bxh7+ Kh8 15.Qb1 a5
16.Bf5 Ba6 17.Qe4 g6 18.Qxd4+ Kg8 19.Bb2  1-0

[Event "TCh-HUN 2007-8"]
[Site "Budapest HUN"]
[Date "2007.12.16"]
[Round "5"]
[White "Varga,P1"]
[Black "Cao Sang"]
[Result "1/2-1/2"]
[WhiteElo "2420"]
[BlackElo "2488"]

1.d4 Nf6 2.c4 e6 3.Nc3 Bb4 4.Qc2 O-O 5.a3 Bxc3+ 6.Qxc3 b6 7.Bg5 Ba6 8.Qf3 Nc6
9.e3 Na5 10.Rc1 c5 11.Bxf6 Qxf6 12.Qxf6 gxf6 13.d5 Rfc8 14.Nh3 Rab8 15.Nf4 Kf8
16.Rc3 Ke7 17.Kd2 b5 18.cxb5 Bxb5 19.Bxb5 Rxb5 20.b4 Nb7 21.Rhc1 Nd6 22.f3 c4
23.e4 a5 24.bxa5 Rxa5 25.g4 Rca8 26.dxe6 fxe6 27.Ng2 Rxa3 28.Ne3 Ra2+ 29.R1c2 Rxc2+
30.Rxc2 Ra3 31.Ke2 Nb5 32.Rxc4 Ra2+ 33.Kf1 Rxh2 34.Ng2 Nd6 35.Rb4 Rh1+ 36.Kf2 Nf7
37.f4 h5 38.gxh5 Rxh5 39.Ne3 Nd6 40.Ra4 Rb5 41.Kf3 Rb3 42.Kf2 Rb2+ 43.Kf3 Rb5
44.Kf2 f5 45.exf5 Nxf5 46.Nxf5+ Rxf5 47.Ke3 Rb5 48.Ra7 Rb4 49.Rc7 Kd6 50.Ra7 Kc6
51.Ra6+ Kc5 52.Ra5+ Rb5 53.Ra3 Rb4 54.Ra5+ Kb6 55.Ra8 Kb7 56.Ra5 d5 57.Rc5 Kb6
58.Rc8 Rc4 59.Rf8 Re4+ 60.Kd3 Kc6 61.f5 e5 62.Re8 Kd6 63.Rd8+ Kc6 64.Re8 Kd7
65.Re6 Rd4+ 66.Ke3 Re4+ 67.Kd3 Re1 68.Kd2 Rf1 69.Rxe5 Kd6 70.Re6+ Kc5 71.f6 Kd4
72.Ke2 Rf4 73.Ra6 Ke5 74.Ke3 Rf1 75.Ke2 Rxf6 76.Rxf6 Kxf6 77.Ke3  1/2-1/2

[Event "TCh-HUN 2007-8"]
[Site "Budapest HUN"]
[Date "2007.12.16"]
[Round "5"]
[White "Taskovits,I"]
[Black "Zsinka,L"]
[Result "1/2-1/2"]
[WhiteElo "2336"]
[BlackElo "2320"]

1.d4 Nf6 2.c4 e6 3.Nc3 Bb4 4.Qc2 O-O 5.a3 Bxc3+ 6.Qxc3 b5 7.cxb5 c6 8.Bg5 cxb5
9.e3 Bb7 10.Nf3 a6 11.Bd3 Nc6 12.O-O h6 13.Bh4 d6 14.b4 g5 15.Bg3 Ne7 16.Nd2 Ned5
17.Qb2 Nh5 18.Rfe1 Rc8 19.e4 Ndf4 20.Bf1 f5 21.a4 bxa4 22.Rxa4 Qb6 23.Nc4 Qc7
24.Bxf4 Nxf4 25.exf5 Bxg2 26.Bxg2 Nxg2 27.Kxg2 Qxc4 28.Qa2 exf5 29.Rxa6 Qxa2
30.Rxa2 Rfe8 31.Re3 Rxe3 32.fxe3 Rb8 33.Ra6 Rxb4 34.Rxd6 Kg7 35.Re6 Rb2+
36.Kg3 Rb3 37.Kg2 h5 38.h4 gxh4 39.Kh2 Rd3 40.Kg2 Kf7 41.Rh6  1/2-1/2

[Event "TCh-HUN 2007-8"]
[Site "Budapest HUN"]
[Date "2007.12.16"]
[Round "5"]
[White "Balazs,G2"]
[Black "Kormos,Ad"]
[Result "1-0"]
[WhiteElo "2283"]
[BlackElo "2146"]

1.d4 Nf6 2.c4 e6 3.Nc3 Bb4 4.Qc2 O-O 5.a3 Bxc3+ 6.Qxc3 b6 7.Bg5 h6 8.Bh4 Bb7
9.f3 d5 10.e3 Nbd7 11.cxd5 exd5 12.Bd3 Re8 13.Ne2 c5 14.O-O Rc8 15.Rac1 a6
16.Bf5 g5 17.Bf2 Bc6 18.Ng3 Bb5 19.Rfd1 cxd4 20.Qxd4 Rxc1 21.Rxc1 Nc5 22.Bc2 Ne6
23.Qd2 d4 24.exd4 Nf4 25.Re1 h5 26.Rxe8+ Qxe8 27.h4 N6d5 28.hxg5 Qc8 29.a4 Bd7
30.Ne4 Kg7 31.Nf6 Bf5 32.Be4 Qe6 33.Bg3  1-0

[Event "7th Amplico AIG Life"]
[Site "Warsaw POL"]
[Date "2007.12.16"]
[Round "13"]
[White "Sumets,A"]
[Black "Truskavetsky,A"]
[Result "1-0"]
[WhiteElo "2529"]
[BlackElo "2398"]

1.d4 Nf6 2.c4 e6 3.Nc3 Bb4 4.Qc2 O-O 5.Nf3 b6 6.e4 d6 7.Bd3 h6 8.O-O Bb7
9.Ne2 d5 10.cxd5 exd5 11.e5 Ne4 12.Ng3 Nxg3 13.fxg3 Be7 14.Qe2 Bc8 15.Bf4 Re8
16.Rae1 Be6 17.Bc2 Nd7 18.Qd2 Nf8 19.Bxh6 gxh6 20.Qxh6 c5 21.h4 cxd4 22.Kh2 Rc8
23.Bd3 f5 24.exf6 Bxf6 25.Ng5 Bxg5 26.Rxf8+  1-0

[Event "Open A"]
[Site "Zadar CRO"]
[Date "2007.12.16"]
[Round "1"]
[White "Rezan,S"]
[Black "Zelcic,R"]
[Result "1-0"]
[WhiteElo "2398"]
[BlackElo "2578"]

1.d4 Nf6 2.c4 e6 3.Nc3 Bb4 4.Qc2 O-O 5.Nf3 c5 6.dxc5 Na6 7.a3 Bxc3+ 8.Qxc3 Nxc5
9.Bg5 Nce4 10.Bxf6 Nxf6 11.e3 b6 12.Be2 Bb7 13.O-O Rc8 14.Qd4 Qc7 15.Rac1 Rfd8
16.b4 d6 17.Qb2 h6 18.Nd4 Qe7 19.Rfd1 Rd7 20.h3 a6 21.Nb3 Rdc7 22.Qd4 Rc6
23.Bf3 e5 24.Qd2 Rxc4 25.Rxc4 Rxc4 26.Bxb7 Qxb7 27.Qxd6 Qc7 28.Qd8+ Qxd8
29.Rxd8+ Kh7 30.Rd6 Rc3 31.Nd2 Rxa3 32.Rxb6 Nd5 33.Rb7 Ra1+ 34.Kh2 f6 35.Ne4 Rd1
36.g4 Rb1 37.Ra7 Rxb4 38.Nd6 Rb2 39.Kg3 Nc3 40.Nf5 Ne4+ 41.Kh4 Rxf2 42.Rxg7+ Kh8
43.Ra7 Kg8 44.Kh5 Kf8 45.Ng7 Rc2 46.Kg6 Nd6 47.Kxf6 Rc6 48.Ne6+ Kg8 49.Ra8+ Rc8
50.Rxa6 Ne4+ 51.Kxe5 Nf2 52.Nf4 Rc3 53.Kf6 Rxe3 54.Ne6 Rxe6+ 55.Rxe6 Nxh3
56.Re8+ Kh7 57.Re7+ Kg8 58.Kg6  1-0

[Event "Open A"]
[Site "Zadar CRO"]
[Date "2007.12.17"]
[Round "3"]
[White "Rezan,S"]
[Black "Kurajica,B"]
[Result "1/2-1/2"]
[WhiteElo "2398"]
[BlackElo "2554"]

1.d4 Nf6 2.c4 e6 3.Nc3 Bb4 4.Qc2 O-O 5.e4 d6 6.e5 Nfd7 7.a3 Bxc3+ 8.Qxc3 c5
9.dxc5 Nxe5 10.Bf4 Nbc6 11.cxd6 Qxd6 12.Rd1 Nd3+ 13.Bxd3 Qxf4 14.Ne2 Qc7
15.O-O Ne5 16.Be4 f5 17.Bf3  1/2-1/2

[Event "4th SICC Masters"]
[Site "Singapore SIN"]
[Date "2007.12.18"]
[Round "4"]
[White "Wu Shaobin"]
[Black "Sandipan,C"]
[Result "0-1"]
[WhiteElo "2449"]
[BlackElo "2593"]

1.d4 Nf6 2.c4 e6 3.Nc3 Bb4 4.Qc2 O-O 5.a3 Bxc3+ 6.Qxc3 d6 7.Bg5 Nbd7 8.e3 c5
9.Bd3 b6 10.Ne2 Qc7 11.O-O Ba6 12.b4 cxd4 13.exd4 Rfc8 14.Rfc1 Qd8 15.Qb3 Rc7
16.Rc2 Rac8 17.Rac1 Qf8 18.f3 g6 19.Qa4 Bb7 20.Ng3 Ne8 21.Be3 f5 22.Ne2 Ng7
23.Qb3 Kh8 24.a4 Qe7 25.Nc3 a6 26.a5 bxa5 27.bxa5 g5 28.Na4 f4 29.Bf2 g4
30.Nb6 Rb8 31.fxg4 Qg5 32.Be2 Nf6 33.h4 Qg6 34.g5 Ne4 35.Bd3 Qh5 36.Be2 Qf7
37.d5 Nxf2 38.Kxf2 Nf5 39.Qh3 Qg7 40.Rd2 Ng3 41.Kg1 exd5  0-1

[Event "Open A"]
[Site "Zadar CRO"]
[Date "2007.12.19"]
[Round "5"]
[White "Doric,D"]
[Black "Brkic,A"]
[Result "1/2-1/2"]
[WhiteElo "2470"]
[BlackElo "2577"]

1.d4 Nf6 2.c4 e6 3.Nc3 Bb4 4.Qc2 O-O 5.a3 Bxc3+ 6.Qxc3 d6 7.Nf3 b6 8.e3 Nbd7
9.b4 Bb7 10.Bb2 Ne4 11.Qc2 f5 12.Be2 Ng5 13.Qd1 Nxf3+ 14.Bxf3 Bxf3 15.Qxf3 Nf6
16.O-O Qd7 17.Qe2 d5 18.Rac1 c6 19.Rc2 Ne4 20.c5 b5 21.f3 Nf6 22.Bc3 Qb7
23.Ra2 Nd7 24.a4 a6 25.Rfa1 Ra7 26.Kh1  1/2-1/2

[Event "Masters"]
[Site "Liege BEL"]
[Date "2008.01.03"]
[Round "1"]
[White "Foisor,O"]
[Black "Godart,F"]
[Result "1-0"]
[WhiteElo "2401"]
[BlackElo "2035"]

1.d4 Nf6 2.c4 e6 3.Nc3 Bb4 4.Qc2 O-O 5.Nf3 b6 6.e4 d5 7.e5 Ne4 8.Bd3 Bb7
9.O-O Bxc3 10.bxc3 c5 11.cxd5 exd5 12.dxc5 bxc5 13.Rb1 Qc8 14.c4 f5 15.exf6 Nxf6
16.Ng5 d4 17.Bxh7+ Kh8 18.Rb3 Qc6 19.f4 Bc8 20.Bg6 Qc7 21.Qf2 Ng8 22.Qh4+ Nh6
23.f5  1-0

[Event "5th TCh-Asia w"]
[Site "Visakhpatnam IND"]
[Date "2008.01.04"]
[Round "2"]
[White "Shen Yang"]
[Black "Ghader Pour,S"]
[Result "1-0"]
[WhiteElo "2429"]
[BlackElo "2185"]

1.d4 Nf6 2.c4 e6 3.Nc3 Bb4 4.Qc2 O-O 5.a3 Bxc3+ 6.Qxc3 b6 7.Bg5 Bb7 8.f3 h6
9.Bh4 d5 10.e3 Re8 11.Bd3 Nbd7 12.cxd5 Nxd5 13.Bxd8 Nxc3 14.Bh4 Nd5 15.Bf2 c5
16.Ne2 cxd4 17.Nxd4 Red8 18.Rd1 Ne5 19.Bf1 Rac8 20.e4 Ne7 21.Nb5 Rxd1+ 22.Kxd1 Rd8+
23.Kc2 N7c6 24.Be2 Ng6 25.g3 e5 26.Rd1 Rxd1 27.Kxd1 Ba6 28.b4 Bxb5 29.Bxb5 Nge7
30.Kc2 Kf8 31.Kc3 Ke8 32.f4 f6 33.fxe5 fxe5 34.Bxc6+ Nxc6 35.Kc4 Ne7 36.Kb5 Kd7
37.Ka6 Nc8 38.Be1 Nd6 39.b5 Nxe4 40.Kxa7 Kc7 41.Ba5 Nd6 42.Bxb6+ Kd7 43.Ka6 Kc8
44.a4 e4 45.Bd4 Nf5 46.Be5  1-0

[Event "5th TCh-Asia w"]
[Site "Visakhpatnam IND"]
[Date "2008.01.08"]
[Round "6"]
[White "Harika,D"]
[Black "Zhao Xue"]
[Result "1/2-1/2"]
[WhiteElo "2455"]
[BlackElo "2517"]

1.d4 Nf6 2.c4 e6 3.Nc3 Bb4 4.Qc2 O-O 5.a3 Bxc3+ 6.Qxc3 d6 7.Bg5 Nbd7 8.Nf3 b6
9.Nd2 Bb7 10.f3 c5 11.e4 Rc8 12.Bd3 h6 13.Bh4 cxd4 14.Qxd4 Nc5 15.Bc2 e5
16.Qf2 Ne6 17.O-O Ba6 18.b3 b5 19.Bd3 Nf4 20.Qe3 d5 21.exd5 N6xd5 22.Qe4 Nf6
23.Bxf6 Qxd3 24.Bxe5 Ne2+ 25.Kh1 Qxd2 26.Rf2 Rfe8 27.Rxe2 Qd7 28.Ree1 bxc4
29.bxc4 Rxc4 30.Qb1 Qc6 31.Qb2 Rc2 32.Qd4 Be2 33.Qf4 Re6 34.Rec1 g5 35.Rxc2 Qxc2
36.Qd4 Kh7 37.Bg3 a6 38.Re1 Qd3 39.Qxd3+ Bxd3 40.Rxe6  1/2-1/2

[Event "TCh-AUT 1st Bundesliga 2007-8"]
[Site "Jenbach AUT"]
[Date "2008.01.10"]
[Round "4"]
[White "Lazarev,V"]
[Black "Manik,M"]
[Result "1/2-1/2"]
[WhiteElo "2488"]
[BlackElo "2433"]

1.d4 Nf6 2.c4 e6 3.Nc3 Bb4 4.Qc2 O-O 5.a3 Bxc3+ 6.Qxc3 b6 7.Bg5 Ba6 8.e3 d6
9.Nf3 Nbd7 10.Nd2 c5 11.dxc5 bxc5 12.Bd3 h6 13.Bh4 Rc8 14.O-O d5 15.Rfd1 Qb6
16.Rac1 d4 17.exd4 cxd4 18.Qb4 Nc5 19.Bf1 e5 20.Qxb6 axb6 21.Bxf6 gxf6 22.b4 Na4
23.Ne4 Rfd8 24.Nxf6+  1/2-1/2

[Event "TCh-AUT 1st Bundesliga 2007-8"]
[Site "Jenbach AUT"]
[Date "2008.01.12"]
[Round "6"]
[White "Schachinger,M"]
[Black "Perhinig,R"]
[Result "1/2-1/2"]
[WhiteElo "2308"]
[BlackElo "2272"]

1.d4 e6 2.c4 Nf6 3.Nc3 Bb4 4.Qc2 O-O 5.Bg5 c5 6.e3 d6 7.Bd3 h6 8.Bh4 Nbd7
9.Ne2 cxd4 10.exd4 d5 11.cxd5 exd5 12.O-O Nb6 13.Qb3 Be7 14.Rac1 Bd7 15.Bxf6 Bxf6
16.Nxd5 Nxd5 17.Qxd5 Bc6 18.Qxd8 Rfxd8 19.Rfd1 Rd6 20.Rd2 Rad8 21.Rcd1 a5
22.a3 Ba4 23.Bc2 Bxc2 24.Rxc2 Bxd4 25.Nxd4 Rxd4 26.Rxd4 Rxd4 27.Kf1 Rd6 28.Ke2 Kf8
29.Rc8+ Ke7 30.Rc7+ Rd7 31.Rc5 b6 32.Rc3 Rd5 33.Rb3 b5 34.Re3+ Kd6 35.b3 Rc5
36.Kd2 Rf5 37.f3 Rd5+ 38.Rd3 Rxd3+ 39.Kxd3 Kd5 40.Ke3 Ke5 41.Kd3 Kd5 42.Ke3 Ke5  1/2-1/2

[Event "6th Parsvnath Open"]
[Site "New Delhi IND"]
[Date "2008.01.15"]
[Round "5"]
[White "Karthikeyan,P"]
[Black "Laxman,R"]
[Result "0-1"]
[WhiteElo "2327"]
[BlackElo "2439"]

1.d4 Nf6 2.c4 e6 3.Nc3 Bb4 4.Qc2 O-O 5.a3 Bxc3+ 6.Qxc3 a5 7.Bg5 a4 8.f3 d5
9.e3 Nbd7 10.Bd3 h6 11.Bh4 b6 12.cxd5 exd5 13.Ne2 Ba6 14.Bxa6 Rxa6 15.Qd3 b5
16.Nc3 Re6 17.Nxd5 Nc5 18.dxc5 Qxd5 19.Qxd5 Nxd5 20.e4 f5 21.O-O-O Ne3 22.exf5 Rxf5
23.Rd8+ Kh7 24.Re1 Rxc5+ 25.Kb1 Rcc6 26.Bg3 Nc4 27.Rd7 Kg6 28.Re4 Rxe4 29.fxe4 Rf6
30.Rxc7 Rf1+ 31.Kc2 Rg1 32.Rc6+ Kh7 33.e5 Rxg2+ 34.Kc3 Rxb2 35.e6 Kg6 36.Kd4 Re2
37.Kc5 Nxa3 38.Bh4 Kf5 39.Kb4 Re4+ 40.Kxa3 Rxh4  0-1

[Event "ASEAN Masters Circuit GMA"]
[Site "Tarakan INA"]
[Date "2008.01.16"]
[Round "8"]
[White "Nadera,B"]
[Black "Kosasih,C"]
[Result "0-1"]
[WhiteElo "2417"]
[BlackElo "2408"]

1.d4 Nf6 2.c4 e6 3.Nc3 Bb4 4.Qc2 O-O 5.a3 Bxc3+ 6.Qxc3 d6 7.Bg5 Nbd7 8.f3 h6
9.Bh4 e5 10.e3 Re8 11.d5 e4 12.f4 c6 13.dxc6 bxc6 14.Rd1 Qc7 15.Ne2 Rb8 16.Nd4 Qb6
17.Rd2 Nc5 18.Bxf6 gxf6 19.b4 Nd3+ 20.Bxd3 exd3 21.Kf2 c5 22.bxc5 dxc5 23.Nf3 Bf5
24.Re1 Qd6 25.h3 Rb6 26.Kg1 Qe7 27.e4 Bxe4 28.Rxd3 Re6 29.Rde3 Qd6 30.Qd2 f5
31.Qxd6 Rxd6 32.g4 Rb8 33.Nh4 Rb2 34.gxf5 Bc6 35.Re5 Rdd2 36.Rxc5 Bb7 37.Rc7 Kg7
38.Rce7 a5 39.c5 Rdc2 40.Rc7 Bd5 41.Rd7 Rxc5 42.Rd6 Bc6 43.Rdd1 Rc3 44.f6+ Kh7
45.Re7 Rg3+ 46.Kf1 Bb5+  0-1

[Event "6th Parsvnath Open"]
[Site "New Delhi IND"]
[Date "2008.01.18"]
[Round "8"]
[White "Bitan,B"]
[Black "Sundararajan,K"]
[Result "1/2-1/2"]
[WhiteElo "2181"]
[BlackElo "2442"]

1.d4 Nf6 2.c4 e6 3.Nc3 Bb4 4.Qc2 O-O 5.a3 Bxc3+ 6.Qxc3 d6 7.Bg5 Nbd7 8.e3 b6
9.Ne2 c5 10.dxc5 bxc5 11.Rd1 Qb6 12.Ng3 Rb8 13.Rd2 Bb7 14.f3 d5 15.Be2 e5
16.cxd5 Nxd5 17.Qc2 N7f6 18.e4 Nf4 19.Bc4 Rbd8 20.Bxf4 exf4 21.Ne2 Rxd2 22.Qxd2 Rd8
23.Qxf4 Qxb2 24.O-O Qb6 25.Nc3  1/2-1/2